[Event "TOP 16 GpB"]
[Site "Mulhouse FRA"]
[Date "2010.04.29"]
[Round "4"]
[White "Fressinet,L"]
[Black "Rozentalis,E"]
[Result "1/2-1/2"]
[WhiteElo "2670"]
[BlackElo "2628"]
[EventDate "2010.03.26"]

1. d4 Nf6 2. Nf3 e6 3. c4 b6 4. g3 Bb7 5. Bg2 Be7 6. Nc3 Ne4 7. Bd2 Nxc3 8.
Bxc3 Be4 9. O-O O-O 10. Ne1 Bxg2 11. Nxg2 d5 12. cxd5 exd5 13. Qb3 a5 14.
Nf4 c6 15. f3 b5 16. a4 b4 17. Be1 Bd6 18. Ng2 Qe7 19. Ne3 Qe6 20. Rc1 Ra7
1/2-1/2

[Event "TOP 16 GpB"]
[Site "Mulhouse FRA"]
[Date "2010.04.29"]
[Round "4"]
[White "Vaisser,A"]
[Black "Jakovenko,D"]
[Result "1/2-1/2"]
[WhiteElo "2511"]
[BlackElo "2725"]
[EventDate "2010.03.26"]

1. d4 Nf6 2. c4 e6 3. Nc3 Bb4 4. e3 O-O 5. Bd3 d5 6. Nf3 c5 7. O-O Nc6 8.
a3 Bxc3 9. bxc3 Qc7 10. h3 Re8 11. cxd5 exd5 12. dxc5 Na5 13. a4 Qxc5 14.
Ba3 Qc7 15. Nd4 Bd7 16. Bb4 Nc4 17. Bxc4 Qxc4 18. a5 Qc7 19. Qf3 Ne4 20.
Rfd1 Rad8 21. Ra3 h6 22. Qf4 Qc4 23. f3 Ng5 24. h4 Nh7 25. Kf2 Nf6 26. Ne2
Qa6 27. Bc5 Rc8 28. Bd4 Rc6 29. Ng3 b6 30. Rda1 b5 31. Rb3 Qb7 32. a6 Rxa6
33. Rba3 Ra4 34. Nf5 Bxf5 35. Qxf5 Re6 36. g4 Rd6 37. Rxa4 bxa4 38. Rxa4 a5
39. Qf4 1/2-1/2

[Event "TOP 16 GpB"]
[Site "Mulhouse FRA"]
[Date "2010.04.29"]
[Round "4"]
[White "Roos,Louis1"]
[Black "Tregubov,P"]
[Result "0-1"]
[WhiteElo "2360"]
[BlackElo "2625"]
[EventDate "2010.03.26"]

1. e4 c5 2. Nf3 Nc6 3. d4 cxd4 4. Nxd4 g6 5. Nc3 Bg7 6. Be3 Nf6 7. Nb3 O-O
8. Be2 d6 9. O-O a5 10. a4 Be6 11. f4 Rc8 12. Bf3 Nd7 13. f5 Bc4 14. Rf2
Nde5 15. Nd2 e6 16. Kh1 Re8 17. fxg6 hxg6 18. Nb5 d5 19. b3 Bxb5 20. axb5
Nb4 21. Nf1 Nxf3 22. Qxf3 Rf8 23. Rc1 d4 24. Bf4 e5 25. Bg3 Qg5 26. Qd1 Nd3
0-1

[Event "TOP 16 GpB"]
[Site "Mulhouse FRA"]
[Date "2010.04.29"]
[Round "4"]
[White "Maze,S"]
[Black "Varga,P1"]
[Result "1-0"]
[WhiteElo "2554"]
[BlackElo "2434"]
[EventDate "2010.03.26"]

1. d4 d5 2. Nf3 Nf6 3. c4 c6 4. Nc3 dxc4 5. a4 Bf5 6. Nh4 e6 7. Nxf5 exf5
8. e3 Bb4 9. Bxc4 O-O 10. Qc2 f4 11. O-O fxe3 12. fxe3 Nbd7 13. Rf3 Qe7 14.
Bd2 c5 15. Raf1 Rac8 16. Ba2 Bxc3 17. bxc3 Rfe8 18. Bb1 Nf8 19. Be1 Ng6 20.
Qa2 cxd4 21. exd4 Qe2 22. Qb3 b6 23. Bd3 Qxe1 24. Rxe1 Rxe1+ 25. Rf1 Re3
26. Bc4 Rc7 27. a5 Nf8 28. axb6 axb6 29. d5 Re4 30. Bd3 Re5 31. c4 N8d7 32.
Bf5 g6 33. Bh3 Re4 34. Qf3 Rcxc4 35. g3 Rc7 36. Bxd7 Rxd7 37. Qxf6 Re8 38.
h4 Red8 39. h5 gxh5 40. Rf5 Kf8 41. d6 1-0

[Event "TOP 16 GpB"]
[Site "Mulhouse FRA"]
[Date "2010.04.29"]
[Round "4"]
[White "Reinhart,E"]
[Black "Hamdouchi,H"]
[Result "1/2-1/2"]
[WhiteElo "2337"]
[BlackElo "2606"]
[EventDate "2010.03.26"]

1. e4 c5 2. Nf3 Nc6 3. d4 cxd4 4. Nxd4 Qb6 5. Nb3 Nf6 6. Nc3 e6 7. Be3 Qc7
8. f4 d6 9. Qf3 a6 10. g4 h6 11. h4 h5 12. g5 Ng4 13. Bh3 Nxe3 14. Qxe3 g6
15. O-O-O Bd7 16. f5 O-O-O 17. Rhf1 Ne5 18. fxg6 fxg6 19. Nd4 Qc5 20. Qg3
Ng4 21. Bxg4 hxg4 22. Nb3 Qe5 23. Qxg4 Be7 24. Nd2 Rdf8 25. Rxf8+ Rxf8 26.
Nc4 Qf4+ 27. Qxf4 Rxf4 28. Nxd6+ Kc7 29. e5 Bc6 30. Re1 Bxd6 31. exd6+ Kxd6
32. h5 gxh5 33. Rg1 Ke5 34. g6 Rf8 35. g7 Rg8 36. Rg5+ Kf6 37. Rxh5 Rxg7
38. Rh2 Rg4 39. Kd2 Ke5 40. Rh5+ Kd6 41. Rh2 e5 42. Rh6+ Ke7 43. Rh2 Kf6
44. Ke3 Kg5 45. Rf2 Rh4 46. Ne2 Rh1 47. a3 Rh3+ 48. Kd2 e4 49. Rg2+ Kh4 50.
Rg8 e3+ 51. Kd3 Bd7 52. Rh8+ Kg5 53. Rxh3 Bxh3 54. Kxe3 Kf6 55. Kd4 Ke7 56.
Nf4 Bf5 57. c4 Kd6 58. Nd5 Be6 59. Nf4 Bf7 60. Nd3 Kc7 61. b4 Be8 62. Nf4
Bf7 63. Nd3 1/2-1/2

[Event "TOP 16 GpB"]
[Site "Mulhouse FRA"]
[Date "2010.04.29"]
[Round "4"]
[White "Nicoara,M"]
[Black "Skripchenko,A"]
[Result "0-1"]
[WhiteElo "2151"]
[BlackElo "2456"]
[EventDate "2010.03.26"]

1. d4 d6 2. Nf3 g6 3. c4 Bg7 4. g3 Nd7 5. Bg2 e5 6. Nc3 Ne7 7. O-O O-O 8.
Re1 Nb6 9. dxe5 dxe5 10. Qxd8 Rxd8 11. c5 Nbd5 12. Rd1 Be6 13. Nxd5 Bxd5
14. Bg5 f6 15. Bd2 Bc4 16. Bf1 e4 17. Ne1 f5 18. Bg5 Kf7 19. Rxd8 Rxd8 20.
Rc1 Bxa2 21. b4 a6 22. Ng2 Rd4 23. Bxe7 Kxe7 24. c6 b5 25. Ne3 Rxb4 0-1

[Event "TOP 16 GpB"]
[Site "Mulhouse FRA"]
[Date "2010.04.29"]
[Round "4"]
[White "Bologan,V"]
[Black "Tkachiev,V"]
[Result "1/2-1/2"]
[WhiteElo "2684"]
[BlackElo "2639"]
[EventDate "2010.03.26"]

1. e4 e5 2. Nf3 Nc6 3. Bb5 Bc5 4. c3 Nge7 5. d4 exd4 6. cxd4 Bb4+ 7. Bd2
Bxd2+ 8. Qxd2 a6 9. Ba4 d5 10. exd5 Qxd5 11. O-O Be6 12. Nc3 Qh5 13. Ne5
O-O 14. Bxc6 Nxc6 15. Nxc6 bxc6 16. Na4 Rad8 17. Qc3 Rd6 18. Rae1 Bd5 19.
f4 Qg4 20. Rf2 Re6 21. Nc5 Rxe1+ 22. Qxe1 h5 23. b3 Ra8 24. Qe2 f6 25. Qxg4
hxg4 26. Re2 Kf7 27. Kf2 Kg6 28. Re7 Kf5 29. Kg3 a5 30. Rxg7 Re8 31. Kf2
Rh8 32. Kg3 Re8 33. Rxg4 Bxg2 34. Rh4 Re2 35. Rh6 Bd5 36. Nd7 Re3+ 37. Kf2
Re6 38. h3 Rd6 39. Nc5 Kxf4 40. Rh4+ Kf5 41. Nb7 Rd7 42. Nxa5 Rg7 43. Rg4
Rxg4 44. hxg4+ Ke4 45. Kg3 Ke3 46. a4 Kxd4 47. Kf4 Kc3 48. Kf5 Kb4 49. Nc4
Kxb3 50. Ne3 Kxa4 51. Kxf6 1/2-1/2

[Event "TOP 16 GpB"]
[Site "Mulhouse FRA"]
[Date "2010.04.29"]
[Round "4"]
[White "Kazhgaleyev,M"]
[Black "Sokolov,And1"]
[Result "1/2-1/2"]
[WhiteElo "2637"]
[BlackElo "2563"]
[EventDate "2010.03.26"]

1. d4 Nf6 2. c4 e6 3. Nc3 Bb4 4. Qc2 c5 5. dxc5 O-O 6. a3 Bxc5 7. Nf3 b6 8.
Bf4 Bb7 9. O-O-O Bxf3 10. gxf3 Nc6 11. e3 Nh5 12. Bg3 Rc8 13. f4 f5 14. Be2
Nf6 15. Kb1 Rf7 16. Rd2 Bf8 17. Bh4 Na5 18. Qa4 d6 19. Rc1 Qe8 20. Rdc2
Qxa4 21. Nxa4 Nb3 22. Rd1 Ne4 23. Ka2 Nbc5 24. Nxc5 bxc5 25. f3 Nf6 26. Be1
Rb7 27. Rd3 Kf7 28. Rb3 Rxb3 29. Kxb3 Be7 30. Ka4 Bd8 31. Bd3 Bb6 32. Bd2
g6 33. b4 Ke7 34. Kb3 a6 35. Ka4 Nd7 36. h4 h5 37. Kb3 Rb8 38. Ka2 cxb4 39.
axb4 1/2-1/2

[Event "TOP 16 GpB"]
[Site "Mulhouse FRA"]
[Date "2010.04.29"]
[Round "4"]
[White "Laznicka,V"]
[Black "Fontaine,R"]
[Result "1-0"]
[WhiteElo "2659"]
[BlackElo "2548"]
[EventDate "2010.03.26"]

1. d4 Nf6 2. c4 g6 3. Nf3 Bg7 4. g3 O-O 5. Bg2 d5 6. cxd5 Nxd5 7. O-O Nb6
8. Nc3 Nc6 9. e3 Re8 10. Re1 a5 11. Qe2 a4 12. Rd1 Ra5 13. Ne5 Nxe5 14.
dxe5 Bd7 15. e6 fxe6 16. Bxb7 c5 17. Bd2 Qc7 18. Bg2 c4 19. Ne4 Rb5 20. Bc3
e5 21. h4 Qc8 22. Rac1 Rf8 23. a3 Bg4 24. f3 Bf5 25. g4 Bxe4 26. fxe4 Rb3
27. g5 Qc5 28. Bh3 h5 29. Kh2 Qc6 30. Qg2 Nc8 31. Bd7 Qa6 32. Bxc8 Qxc8 33.
Rf1 Rxf1 34. Rxf1 Qc6 35. Rd1 Kh7 36. Rd8 Qc7 37. Qd2 Rb8 38. Rd7 Qc6 39.
Qd5 Qxd5 40. exd5 Kg8 41. Rxe7 Rd8 42. e4 Rf8 43. Kg2 Rc8 44. Kf3 Rf8+ 45.
Ke2 Rc8 46. Kd2 Rf8 47. Bxe5 Bxe5 48. Rxe5 Rf3 49. Kc2 Kf7 50. d6 Rd3 51.
Rd5 Ke8 1-0

[Event "TOP 16 GpB"]
[Site "Mulhouse FRA"]
[Date "2010.04.29"]
[Round "4"]
[White "Guidarelli,L"]
[Black "Wirig,A"]
[Result "1/2-1/2"]
[WhiteElo "2433"]
[BlackElo "2504"]
[EventDate "2010.03.26"]

1. e4 c5 2. Nf3 e6 3. d4 cxd4 4. Nxd4 a6 5. Bd3 d5 6. exd5 Qxd5 7. O-O Nd7
8. Nf3 Ngf6 9. c4 Qd6 10. Qe2 b6 11. Nc3 Be7 12. Bg5 Bb7 13. Rfd1 Rd8 14.
Be4 Qb8 15. Bxb7 Qxb7 16. Nd5 exd5 17. cxd5 O-O 18. Qxe7 Nxd5 19. Qxd8 Rxd8
20. Bxd8 h6 21. Rd4 N7f6 22. Rc1 b5 23. Ne5 Kh7 24. Bxf6 Nxf6 25. h3 Qb6
26. Nf3 Qe6 27. b3 Qe2 28. Rd2 Qe7 29. Rc6 a5 30. Rc1 a4 31. bxa4 bxa4 32.
Re1 Qc7 33. a3 Qc5 34. Re3 Nd5 35. Red3 Nf4 36. Rd4 g5 37. Rxa4 Qc1+ 38.
Kh2 Qf1 39. Rxf4 gxf4 40. a4 Kg7 41. h4 Kg8 42. Rd6 Kg7 43. Rd2 Kg8 44. Rd6
Kg7 45. a5 Qxf2 46. a6 Qa2 47. Rc6 Qa4 48. Rd6 Qa3 49. Rc6 Qa4 1/2-1/2

[Event "TOP 16 GpB"]
[Site "Mulhouse FRA"]
[Date "2010.04.29"]
[Round "4"]
[White "Abergel,T"]
[Black "Govciyan,P"]
[Result "0-1"]
[WhiteElo "2547"]
[BlackElo "2430"]
[EventDate "2010.03.26"]

1. e4 e5 2. Nf3 Nc6 3. d4 exd4 4. Nxd4 Bc5 5. Be3 Qf6 6. c3 Nge7 7. Bc4 b6
8. O-O Bb7 9. f4 O-O-O 10. e5 Qg6 11. Qe2 Nxd4 12. Bxd4 Bxd4+ 13. cxd4 Nf5
14. d5 b5 15. Bd3 Qb6+ 16. Rf2 Nd4 17. Qe3 Bxd5 18. Nc3 Bc6 19. b4 Kb8 20.
a4 Nb3 21. Qxb6+ cxb6 22. Ra3 bxa4 23. b5 Ba8 24. Nxa4 Na5 25. Nc5 bxc5 26.
Rxa5 d6 27. Bf1 Rhe8 28. Rfa2 Bd5 29. Rb2 Bb7 30. b6 axb6 31. Rxb6 dxe5 32.
Rab5 Rd7 33. Rb1 Ree7 34. f5 e4 35. Bb5 Rc7 36. Bc4 Kc8 37. Kf2 e3+ 38. Ke1
Re4 39. Be2 Rb4 40. R1xb4 cxb4 41. Bg4 Rc4 42. Bf3 Bxf3 43. gxf3 Kc7 44.
Rb5 Kc6 45. Rb8 Kd5 46. Rb7 Kd4 47. Rxf7 Rc1+ 48. Ke2 Rc2+ 49. Ke1 b3 0-1

[Event "TOP 16 GpB"]
[Site "Mulhouse FRA"]
[Date "2010.04.29"]
[Round "4"]
[White "Song,Ju"]
[Black "Riff,JN"]
[Result "1/2-1/2"]
[WhiteElo "2329"]
[BlackElo "2505"]
[EventDate "2010.03.26"]

1. d4 Nf6 2. c4 e6 3. Nf3 Bb4+ 4. Nbd2 O-O 5. e3 d5 6. a3 Be7 7. Bd3 a5 8.
O-O c5 9. cxd5 exd5 10. dxc5 Nbd7 11. b3 Nxc5 12. Be2 Bf5 13. Bb2 Rc8 14.
Nd4 Bg6 15. N2f3 Nce4 16. Ne5 Nc3 17. Bxc3 Rxc3 18. Nxg6 fxg6 19. Nb5 Rc6
1/2-1/2

[Event "TOP 16 GpB"]
[Site "Mulhouse FRA"]
[Date "2010.04.29"]
[Round "4"]
[White "Vovk,Y"]
[Black "Leconte,M"]
[Result "1-0"]
[WhiteElo "2545"]
[BlackElo "2330"]
[EventDate "2010.03.26"]

1. d4 d5 2. c4 e6 3. Nf3 c5 4. cxd5 exd5 5. g3 Nc6 6. Bg2 Nf6 7. O-O Be7 8.
Nc3 O-O 9. Bg5 cxd4 10. Nxd4 h6 11. Be3 Re8 12. Qa4 Ne5 13. Rad1 a6 14.
Nxd5 Nxd5 15. Bxd5 Bh3 16. Nf3 Bd6 17. Nxe5 Rxe5 18. Bf4 Bxf1 19. Bxe5 Bxe2
20. Bxf7+ Kxf7 21. Qb3+ 1-0

[Event "TOP 16 GpB"]
[Site "Mulhouse FRA"]
[Date "2010.04.29"]
[Round "4"]
[White "Zermiche,C"]
[Black "Richard,E"]
[Result "0-1"]
[WhiteElo "2074"]
[BlackElo "2116"]
[EventDate "2010.03.26"]

1. d4 Nf6 2. c4 e6 3. Nf3 c5 4. Nc3 cxd4 5. Nxd4 Bb4 6. Ndb5 O-O 7. Bf4 d5
8. e3 Nc6 9. Qb3 Qe7 10. Bg5 a6 11. Bxf6 Qxf6 12. cxd5 exd5 13. Nc7 d4 14.
N7d5 Bxc3+ 15. bxc3 Qe5 16. f4 Qe4 17. c4 Bf5 18. O-O-O dxe3 19. Bd3 Nd4
20. Qc3 Ne2+ 21. Kb2 Nxc3 22. Bxe4 Nxd1+ 23. Rxd1 Bxe4 24. Nxe3 Rad8 25.
Re1 Rd2+ 26. Kc3 Rfd8 27. Ng4 R8d3+ 28. Kb4 Rb2+ 29. Kc5 b6+ 0-1

[Event "TOP 16 GpB"]
[Site "Mulhouse FRA"]
[Date "2010.04.30"]
[Round "5"]
[White "Fontaine,R"]
[Black "Riazantsev,A"]
[Result "1/2-1/2"]
[WhiteElo "2548"]
[BlackElo "2660"]
[EventDate "2010.03.26"]

1. e4 e6 2. d4 d5 3. Nc3 Nf6 4. Bg5 Be7 5. e5 Nfd7 6. Bxe7 Qxe7 7. f4 O-O
8. Nf3 c5 9. Qd2 Nc6 10. dxc5 Qxc5 11. Bd3 f6 12. exf6 Nxf6 13. O-O-O Rb8
14. Rhe1 b5 15. Ne5 Nxe5 16. fxe5 Ng4 17. Kb1 b4 18. Na4 Qc7 19. Qg5 Nf2
20. Qh4 Nxd3 21. cxd3 Qa5 22. b3 Bd7 23. Nb2 Be8 24. Qe7 Qb6 25. Rc1 Bg6
26. Re2 Kh8 27. Qc5 Qxc5 28. Rxc5 Rf1+ 29. Kc2 Ra1 30. Rf2 h6 31. g4 Rxa2
32. h4 Ra1 33. Rc6 Re8 34. Rc7 Rg1 35. h5 Bh7 36. Rf4 a5 37. Na4 Re1 38.
Nc5 Rxe5 39. Nb7 Re2+ 40. Kd1 Rg2 41. Nd6 e5 42. Rff7 Rg8 43. Rf3 Ra8 44.
Nf7+ Kg8 45. Nxe5 Re8 46. Rff7 Rg1+ 1/2-1/2

[Event "TOP 16 GpB"]
[Site "Mulhouse FRA"]
[Date "2010.04.30"]
[Round "5"]
[White "Postny,E"]
[Black "Kazhgaleyev,M"]
[Result "1-0"]
[WhiteElo "2641"]
[BlackElo "2637"]
[EventDate "2010.03.26"]

1. d4 d6 2. e4 Nf6 3. f3 c5 4. d5 e6 5. c4 b5 6. dxe6 Bxe6 7. cxb5 d5 8.
exd5 Nxd5 9. Nc3 Bd6 10. Nxd5 Bxd5 11. Nh3 O-O 12. Be2 Be5 13. Nf4 Bd4 14.
Nxd5 Qxd5 15. Be3 Rd8 16. Bxd4 cxd4 17. O-O d3 18. Bxd3 Qxd3 19. Qxd3 Rxd3
20. Rfd1 Rd7 21. Rac1 Kf8 22. Rc8+ Ke7 23. Rxd7+ Kxd7 24. Rf8 f6 25. a4 a5
26. h4 Kc7 27. h5 Kb7 28. Rf7+ Kb6 29. Rxg7 Ra7 30. h6 1-0

[Event "TOP 16 GpB"]
[Site "Mulhouse FRA"]
[Date "2010.04.30"]
[Round "5"]
[White "Koch,JR"]
[Black "Guidarelli,L"]
[Result "1/2-1/2"]
[WhiteElo "2470"]
[BlackElo "2433"]
[EventDate "2010.03.26"]

1. e4 c5 2. Nf3 b6 3. d4 cxd4 4. Nxd4 Bb7 5. Nc3 a6 6. g3 g6 7. Bg2 Bg7 8.
O-O d6 9. Be3 Nd7 10. f4 Rc8 11. a4 Rxc3 12. bxc3 Qa8 13. Qe2 Ngf6 14. e5
dxe5 15. fxe5 Nxe5 16. Nf3 Nxf3+ 17. Bxf3 O-O 18. Bxb6 Ne4 19. Bxe4 Bxe4
20. Rae1 f5 21. Qc4+ Bd5 22. Qc7 e6 23. Bd4 Bxd4+ 24. cxd4 Rc8 25. Qd7 Rxc2
26. Rf2 Qc8 27. Qxc8+ Rxc8 28. Ra1 Kf7 29. Rd2 g5 30. Kf2 Kf6 31. a5 Rc3
32. Ra4 h5 33. Rb2 f4 34. gxf4 g4 35. Ke1 h4 36. Ra1 Kf5 37. Rf2 g3 38.
hxg3 Rxg3 39. Kd2 h3 40. Re1 Rg2 41. Re5+ Kg4 42. Rxg2+ Bxg2 43. Rxe6 h2
44. Re1 Kxf4 45. Rc1 h1=Q 46. Rxh1 Bxh1 47. d5 1/2-1/2

[Event "TOP 16 GpB"]
[Site "Mulhouse FRA"]
[Date "2010.04.30"]
[Round "5"]
[White "Govciyan,P"]
[Black "Taddei,B"]
[Result "1-0"]
[WhiteElo "2430"]
[BlackElo "2301"]
[EventDate "2010.03.26"]

1. d4 Nf6 2. c4 g6 3. g3 c5 4. d5 b5 5. cxb5 a6 6. bxa6 Nxa6 7. Nc3 d6 8.
Bg2 Bg7 9. Nf3 O-O 10. O-O Qb6 11. Nd2 Nb4 12. a3 Qb7 13. Nb3 Na6 14. Na5
Qb6 15. Nc6 Re8 16. Bd2 Bd7 17. b4 e6 18. dxe6 Bxc6 19. exf7+ Kxf7 20. Bxc6
Qxc6 21. b5 Qd7 22. bxa6 d5 23. Qb3 Rxa6 24. Rad1 c4 25. Qa2 Bf8 26. Bg5
Rxa3 27. Qc2 Re5 28. Bxf6 Kxf6 29. f4 Rh5 30. Ne4+ Kf7 31. Ng5+ Kg8 32. Kg2
Qg4 33. Rf3 Rxg5 34. fxg5 Qxg5 35. Rdf1 Rxf3 36. Rxf3 Qe5 37. Rf4 Bh6 38.
Rf3 Bg7 39. Qa2 h6 40. Qc2 Kh7 41. Ra3 Qe6 42. h4 h5 43. Rf3 Bh6 44. Ra3
Bg7 45. Ra7 d4 46. Rc7 c3 47. Qd3 Qd6 48. Rxc3 Qe6 49. Rc5 Kh6 50. Qf3 Kh7
51. Rc7 Qe5 52. Rd7 Qe6 53. Rb7 Qe5 54. Rf7 Qe6 55. Rf4 Qe5 56. Re4 Qd6 57.
Re8 Qd7 58. Qe4 Qf7 59. Re6 Bf6 60. Rb6 Bg7 61. g4 Kh6 62. Rb7 1-0

[Event "TOP 16 GpB"]
[Site "Mulhouse FRA"]
[Date "2010.04.30"]
[Round "5"]
[White "Collas,S"]
[Black "Song,Ju"]
[Result "1/2-1/2"]
[WhiteElo "2313"]
[BlackElo "2329"]
[EventDate "2010.03.26"]

1. Nf3 Nf6 2. c4 e6 3. Nc3 d5 4. d4 Be7 5. Bg5 h6 6. Bh4 O-O 7. e3 Ne4 8.
Bxe7 Qxe7 9. Rc1 Nxc3 10. Rxc3 c6 11. Be2 dxc4 12. Rxc4 Nd7 13. O-O e5 14.
dxe5 Nxe5 15. Nxe5 Qxe5 16. Qd4 Qxd4 17. Rxd4 Be6 18. b3 c5 19. Rd6 Rfd8
20. Rfd1 Rxd6 21. Rxd6 Kf8 22. f4 Ke7 23. Rd2 Rc8 24. Kf2 c4 25. bxc4 Bxc4
26. Bxc4 Rxc4 27. Kf3 b5 28. e4 f6 29. f5 a6 30. Kf4 Rc1 31. Kg4 Re1 32.
Kh5 Rxe4 33. h3 Re3 34. Kg6 Rg3+ 35. Kh7 b4 36. Rd4 a5 37. Rd5 a4 38. Rd4
b3 39. Rxa4 b2 40. Rb4 Rxg2 41. a4 Kd6 42. a5 Ke5 43. Rb5+ Kf4 44. a6 h5
45. a7 b1=Q 46. Rxb1 Ra2 47. Rb7 Kxf5 48. Rxg7 Kf4 49. Kh6 Ra5 50. h4 Kf3
1/2-1/2

[Event "TOP 16 GpB"]
[Site "Mulhouse FRA"]
[Date "2010.04.30"]
[Round "5"]
[White "Neiman,E"]
[Black "Zermiche,C"]
[Result "1-0"]
[WhiteElo "2339"]
[BlackElo "2074"]
[EventDate "2010.03.26"]

1. d4 Nf6 2. c4 c5 3. d5 b5 4. Nf3 Qa5+ 5. Nfd2 d6 6. Qc2 Na6 7. a3 Nb4 8.
axb4 Qxa1 9. bxc5 dxc5 10. e4 g6 11. cxb5 Qa5 12. Nc3 Qc7 13. Nc4 Nd7 14.
b6 axb6 15. Nb5 Qb8 16. d6 exd6 17. Qc3 f6 18. f4 Be7 19. Ne3 Bb7 20. Bd3
O-O 21. h4 Ra1 22. O-O Re8 23. h5 Bf8 24. Qb3+ Kg7 25. Nc3 Qd8 26. Na4 c4
27. Qxc4 1-0

[Event "TOP 16 GpB"]
[Site "Mulhouse FRA"]
[Date "2010.04.30"]
[Round "5"]
[White "Giri,A"]
[Black "Ivanchuk,V"]
[Result "1/2-1/2"]
[WhiteElo "2624"]
[BlackElo "2748"]
[EventDate "2010.03.26"]

1. d4 d5 2. c4 dxc4 3. Nf3 e6 4. e3 c5 5. Bxc4 a6 6. O-O Nf6 7. Bb3 Be7 8.
dxc5 Qxd1 9. Bxd1 Bxc5 10. Ne5 Nbd7 11. Nd3 Bd6 12. Re1 e5 13. e4 Nc5 14.
Nxc5 Bxc5 15. Nd2 Be6 16. Bb3 Ke7 17. Nf3 Bxb3 18. axb3 Nd7 19. Bd2 f6 20.
b4 Bd6 21. Nh4 g6 22. g3 Nb6 23. Ng2 Nc4 24. Bc3 Rac8 25. Kf1 Ke6 26. Red1
Bc7 27. f3 Bb6 28. Ke2 Rc6 29. f4 Rhc8 30. Rd5 Rd6 31. Rad1 Rxd5 32. Rxd5
Bg1 33. h3 g5 34. fxg5 Rg8 35. Rd1 Bb6 36. Nh4 Nd6 37. gxf6 1/2-1/2

[Event "TOP 16 GpB"]
[Site "Mulhouse FRA"]
[Date "2010.04.30"]
[Round "5"]
[White "Hamdouchi,H"]
[Black "Apicella,M"]
[Result "1/2-1/2"]
[WhiteElo "2606"]
[BlackElo "2523"]
[EventDate "2010.03.26"]

1. d4 e6 2. Nf3 d5 3. g3 c5 4. Bg2 Nc6 5. O-O cxd4 6. Nxd4 Qb6 7. Nb3 Nf6
8. a4 Bb4 9. Bg5 O-O 10. N1d2 Be7 11. e4 h6 12. Be3 Qc7 13. c3 Rd8 14. Qe2
e5 15. exd5 Nxd5 16. Bc5 Bxc5 17. Nxc5 b6 18. Ncb3 Be6 19. Rfe1 Rab8 20.
Rac1 Nde7 21. Na1 Bd5 22. Bxd5 Rxd5 23. Nc2 Rbd8 24. Nc4 Na5 25. Nxa5 Rxa5
26. Nb4 Rxa4 27. Qxe5 Qxe5 28. Rxe5 Ng6 29. Re2 a5 30. Nc2 Ra2 31. Nd4 Rd5
32. Rce1 b5 33. f4 f6 34. Nc6 Kh7 35. h4 h5 36. Kf2 Nh8 37. Ke3 1/2-1/2

[Event "TOP 16 GpB"]
[Site "Mulhouse FRA"]
[Date "2010.04.30"]
[Round "5"]
[White "Edouard,R"]
[Black "Fressinet,L"]
[Result "0-1"]
[WhiteElo "2617"]
[BlackElo "2670"]
[EventDate "2010.03.26"]

1. d4 d5 2. Nf3 Nf6 3. c4 c6 4. Nc3 e6 5. Bg5 h6 6. Bxf6 Qxf6 7. Qc2 dxc4
8. e3 b5 9. a4 Bb7 10. axb5 cxb5 11. Nxb5 Bb4+ 12. Nc3 O-O 13. Be2 Rc8 14.
O-O Nd7 15. Rfc1 a5 16. Nd2 Nb6 17. Bf3 Qe7 18. Bxb7 Qxb7 19. e4 Nd7 20.
Rd1 Nf6 21. g3 Rab8 22. e5 Nd5 23. Nde4 Qc6 24. Na4 Qb5 25. Rdc1 Ne7 26.
Rd1 Rd8 27. Nac3 Qc6 28. Nd6 Bxd6 29. exd6 Qxd6 30. Rxa5 Nc6 31. Ra6 Qd7
32. Qa4 Nxd4 33. Qxd7 Rxd7 34. Kg2 Rxb2 35. Ra4 Rc2 36. Rxc4 e5 37. Rc5 f6
38. Ne4 Rxc5 39. Nxc5 Rc7 40. Rc1 Kf7 41. h4 f5 42. Nd3 Rxc1 43. Nxc1 e4
44. Na2 Ke6 45. Nc3 Ke5 46. Kh3 f4 47. Kg2 Nf5 48. Nb5 h5 49. Na3 fxg3 50.
fxg3 Nd4 0-1

[Event "TOP 16 GpB"]
[Site "Mulhouse FRA"]
[Date "2010.04.30"]
[Round "5"]
[White "Tregubov,P"]
[Black "Sebag,M"]
[Result "1/2-1/2"]
[WhiteElo "2625"]
[BlackElo "2506"]
[EventDate "2010.03.26"]

1. d4 d5 2. c4 c6 3. Nf3 Nf6 4. e3 Bg4 5. Nbd2 e6 6. Be2 Nbd7 7. b3 Bb4 8.
a3 Bc3 9. Ra2 Ne4 10. O-O Bxd2 11. Bxd2 Nxd2 12. Rxd2 Qe7 13. Qa1 O-O 14.
Qb2 Rfe8 15. Rc1 Rad8 16. h3 Bh5 17. Ne1 Bxe2 18. Rxe2 Qd6 19. Rd2 dxc4 20.
Rxc4 Qe7 21. Nf3 e5 22. dxe5 Nxe5 23. Nxe5 Rxd2 24. Qxd2 Qxe5 25. Qd7 Qe7
26. Rd4 h5 27. e4 a6 28. Qxe7 Rxe7 29. Rd8+ Kh7 1/2-1/2

[Event "TOP 16 GpB"]
[Site "Mulhouse FRA"]
[Date "2010.04.30"]
[Round "5"]
[White "Dourerassou,J"]
[Black "Maze,S"]
[Result "0-1"]
[WhiteElo "2413"]
[BlackElo "2554"]
[EventDate "2010.03.26"]

1. e4 c5 2. Nf3 Nc6 3. d4 cxd4 4. Nxd4 g6 5. Nc3 Bg7 6. Be3 Nf6 7. Bc4 Qa5
8. O-O O-O 9. Bb3 d6 10. h3 Bd7 11. Re1 Rfc8 12. Qd2 Ne5 13. Bh6 Nc4 14.
Bxc4 Rxc4 15. Nb3 Qa6 16. Bxg7 Kxg7 17. e5 dxe5 18. Rxe5 e6 19. Rd1 Rac8
20. Qe3 Qb6 21. Qg3 Bc6 22. Rd6 Rd8 23. Re3 Rxd6 24. Qxd6 Be8 25. Qd3 Rc8
26. Qe2 a5 27. Rf3 Qc7 28. Qe3 Bc6 29. Rf4 Rd8 30. Nc5 e5 31. Rh4 h5 32.
Rc4 Qd6 33. a4 Nd5 34. Qg5 f6 35. Qg3 Nf4 36. N5e4 Qe7 37. f3 f5 38. Nf2 h4
39. Qh2 Qg5 40. Kf1 Rd2 41. Nb1 Qd8 42. Nxd2 Qxd2 43. Rxf4 exf4 44. Nd3
Qxc2 45. Nxf4 Bxf3 46. Kg1 Bc6 47. Ne6+ Kf6 48. Nc7 Qc1+ 49. Kf2 Qxb2+ 50.
Kf1 Qe5 51. Qg1 Qxc7 52. Qd4+ Kg5 53. Kg1 Be4 54. Qd2+ Kf6 55. Qb2+ Qe5 56.
Qb6+ Bc6 57. Qd8+ Kg7 58. Qxh4 Qe4 0-1

[Event "TOP 16 GpB"]
[Site "Mulhouse FRA"]
[Date "2010.04.30"]
[Round "5"]
[White "Skripchenko,A"]
[Black "Cossin,S"]
[Result "0-1"]
[WhiteElo "2456"]
[BlackElo "2497"]
[EventDate "2010.03.26"]

1. e4 c5 2. Nf3 d6 3. Bb5+ Nd7 4. d4 Ngf6 5. O-O a6 6. Bxd7+ Nxd7 7. Nc3 e6
8. d5 e5 9. a4 Be7 10. a5 b5 11. axb6 Nxb6 12. Nd2 O-O 13. Na4 Nxa4 14.
Rxa4 a5 15. Re1 Bd7 16. Ra3 a4 17. Nc4 Qb8 18. Bd2 Qb5 19. Rc3 a3 20. Nxa3
Qxb2 21. Nc4 Qb5 22. Na3 Qa4 23. Nc4 Qb5 24. Na3 Qa4 25. Nc4 Rfb8 26. Qh5
Qa2 27. Ne3 Rb1 28. Nd1 g6 29. Qf3 Rab8 30. h3 Ba4 31. Kh2 Bxc2 32. Ra3 Qc4
33. Ra7 R1b7 34. Qa3 Rb3 35. Qa2 Bxd1 36. Rxd1 Bh4 37. Rb1 Bxf2 38. Bh6
Bg3+ 0-1

[Event "TOP 16 GpB"]
[Site "Mulhouse FRA"]
[Date "2010.04.30"]
[Round "5"]
[White "Sumets,A"]
[Black "Bologan,V"]
[Result "0-1"]
[WhiteElo "2614"]
[BlackElo "2684"]
[EventDate "2010.03.26"]

1. d4 Nf6 2. c4 c5 3. d5 b5 4. cxb5 a6 5. bxa6 g6 6. Nc3 Bxa6 7. Nf3 d6 8.
g3 Bg7 9. Bg2 Nbd7 10. Rb1 Qa5 11. O-O O-O 12. Qc2 Rfb8 13. Bd2 Qc7 14. b3
Nb6 15. Nh4 Qb7 16. b4 cxb4 17. Rxb4 Qc7 18. Rc1 Nc4 19. Nd1 Rxb4 20. Bxb4
Qa7 21. e3 Ne5 22. a3 Nd3 23. Rb1 Ng4 24. Nf3 Rc8 25. Qd2 Bh6 26. Nd4 Ndxf2
0-1

[Event "TOP 16 GpB"]
[Site "Mulhouse FRA"]
[Date "2010.04.30"]
[Round "5"]
[White "Laznicka,V"]
[Black "Vernay,C"]
[Result "1-0"]
[WhiteElo "2659"]
[BlackElo "2440"]
[EventDate "2010.03.26"]

1. d4 d5 2. c4 c6 3. Nf3 Nf6 4. Nc3 dxc4 5. a4 Bf5 6. Ne5 e6 7. f3 Bb4 8.
Nxc4 O-O 9. Kf2 Nbd7 10. e4 Bg6 11. Be3 a5 12. Rc1 Ne8 13. h4 h6 14. g3 Nc7
15. Be2 Be7 16. Bf4 Na6 17. Qd2 Nb4 18. Kg2 Bh7 19. Rhd1 Nb6 20. b3 Nd7 21.
Bf1 Nf6 22. Be3 Re8 23. Bf2 Nd7 24. Kg1 Bf8 25. Qf4 Qe7 26. Rd2 Nf6 27.
Rcd1 Nh5 28. Qe3 Nf6 29. g4 Qc7 30. Qe1 Nd7 31. Bg3 Qd8 32. Nd6 Bxd6 33.
Bxd6 f5 34. gxf5 Nf6 35. Be5 exf5 36. Rg2 Qe7 37. Qg3 Rad8 38. Qf4 Kh8 39.
exf5 Nh5 40. Qg4 Qf7 41. Bc4 Nd5 42. Nxd5 cxd5 43. Bd3 Rf8 44. Qxh5 Qxh5
45. Bxg7+ Kg8 46. Be5+ Kf7 47. Rg7+ Ke8 48. Bb5+ Rd7 49. Rc1 Rff7 50. Rc8+
Ke7 51. f6+ 1-0

[Event "TOP 16 GpB"]
[Site "Mulhouse FRA"]
[Date "2010.04.30"]
[Round "5"]
[White "Benitah,Y"]
[Black "Vovk,Y"]
[Result "0-1"]
[WhiteElo "2377"]
[BlackElo "2545"]
[EventDate "2010.03.26"]

1. d4 Nf6 2. c4 g6 3. Nc3 Bg7 4. e4 d6 5. f3 O-O 6. Bg5 c5 7. d5 h6 8. Be3
e6 9. Nge2 exd5 10. cxd5 h5 11. Nf4 Nbd7 12. Nd3 b5 13. Nxb5 Nxd5 14. Bd2
Ba6 15. Nc3 Nxc3 16. Bxc3 d5 17. Bxg7 Kxg7 18. Nf2 Bb7 19. Bd3 c4 20. Be2
dxe4 21. fxe4 Ne5 22. O-O Qb6 23. Qc2 f5 24. Kh1 Qe3 25. Bxc4 fxe4 26. Be6
Qb6 27. Nh3 e3 28. Nf4 Kh6 29. Qc3 e2 30. Qxe5 exf1=Q+ 31. Rxf1 Rae8 32.
Re1 Qf2 0-1